A:lla alkavia sanoja - Statistics

Yleistilastot
  • Tätä visaa on pelattu 88 kertaa
  • Keskiarvotulos 31 / 200
Vastaustilastot
Vastaus % Oikein
Auto
71%
Aasi
65%
Aamu
61%
Aava
61%
Apu
56%
Alku
52%
Aurinko
52%
Apina
47%
Amme
45%
Aate
44%
Arkki
44%
Asia
44%
Aitta
42%
Ahjo
40%
Ankka
40%
Antaa
40%
Aarre
39%
Akku
39%
Arki
39%
Aari
37%
Aave
37%
Aito
37%
Ajo
37%
Arka
37%
Arkku
37%
Armo
37%
Aura
37%
Avain
37%
Ahma
35%
Aika
35%
Astia
35%
Allas
34%
Aula
34%
Aalto
32%
Ahne
32%
Akka
32%
Arpa
32%
Askel
32%
Alkio
31%
Ananas
31%
Aine
29%
Aski
29%
Ateria
29%
Ahmia
27%
Aho
27%
Ape
27%
Aavikko
26%
Ahven
26%
Ampiainen
26%
Ampua
26%
Avoin
26%
Alusta
24%
Autio
24%
Auttaa
24%
Airo
23%
Aisa
23%
Almanakka
23%
Almu
23%
Annos
23%
Ansa
23%
Apila
23%
Arpi
23%
Ammatti
21%
Ankkuri
21%
Anoa
21%
Ankerias
19%
Anoppi
19%
Aamiainen
18%
Alkoholi
18%
Atrain
18%
Aukio
18%
Appelsiini
16%
Asukas
16%
Alokas
15%
Armeija
15%
Askare
15%
Avara
15%
Aihe
13%
Ajaja
13%
Asiakas
13%
Atlas
13%
Avanto
13%
Avaruus
13%
Ahdas
11%
Aikomus
11%
Aikuinen
11%
Ajatella
11%
Alanko
11%
Alitus
11%
Antilooppi
11%
Asema
11%
Astalo
10%
Aihio
8%
Aivastus
8%
Alennus
8%
Altto
8%
Ambulanssi
8%
Antoisa
8%
Apaja
8%
Apteekki
8%
Artisti
8%
Asfaltti
8%
Avokas
8%
Aavistus
6%
Ahdinko
6%
Ajoneuvo
6%
Alho
6%
Alistaa
6%
Alligaattori
6%
Ametisti
6%
Amuletti
6%
Anonyymi
6%
Antiikki
6%
Areena
6%
Aresti
6%
Asennus
6%
Asettaa
6%
Atopia
6%
Afta
5%
Aikataulu
5%
Akana
5%
Alba
5%
Albumi
5%
Aloe
5%
Ammoniakki
5%
Amppeli
5%
Anemia
5%
Ansaita
5%
Antura
5%
Aortta
5%
Aprikoosi
5%
Arsenaali
5%
Aakkonen
3%
Abstrakti
3%
Adapteri
3%
Ailahdella
3%
Ainutlaatuinen
3%
Aistia
3%
Aktiivinen
3%
Akustiikka
3%
Akvaario
3%
Aminohappo
3%
Apatia
3%
Arpajaiset
3%
Artesaani
3%
Arvostus
3%
Aselupa
3%
Asianajaja
3%
Astrologia
3%
Asutus
3%
Aviopari
3%
Avittaa
3%
Avokado
3%
Aatelisto
2%
Aboriginaali
2%
Addiktio
2%
Adessiivi
2%
Adjektiivi
2%
Adoptio
2%
Agave
2%
Agility
2%
Aioli
2%
Ajella
2%
Alkemia
2%
Amissi
2%
Analyysi
2%
Anastaa
2%
Animaatio
2%
Anorakki
2%
Arkeologi
2%
Arkkitehtuuri
2%
Arvoitus
2%
Aspartaami
2%
Auditorio
2%
Auktoriteetti
2%
Autonomia
2%
Absolutisti
0%
Absurdi
0%
Aituri
0%
Akrobatia
0%
Alamäki
0%
Algoritmi
0%
Aliravittu
0%
Alppitorvi
0%
Ampumahiihto
0%
Annoona
0%
Argumentti
0%
Arkeoni
0%
Arkistoida
0%
Asiantuntemus
0%
Astma
0%
Astronautti
0%
Astunta
0%
Asymmetria
0%
Audio
0%
Auringonkukka
0%
Autofiktio
0%
Ehtoja vastaavia visoja ei löytynyt
Tulosjakauma
Jokaisen tuloksen saaneiden osuus
Persentiili vastausten määrän mukaan
Tuloshistoriasi
Et ole pelannut tätä visaa